International handbook of engineering education research

Other Authors: Johri, Aditya
Subjects:
Online Access: http://library.unisel.edu.my/web/guest/mylibrary
LEADER 00856cam a2200217 7i4500
001 0000079778
005 20230927090000.0
020 |a 9781003287483 (electronic book)  
090 0 0 |a T65.3   |b .I682 2023 
245 0 0 |a International handbook of engineering education research   |c edited by Aditya Johri. 
264 |a New York, NY:   |b Routledge/Taylor & Francis Group,   |c 2023. 
300 |a 1 online resource (xxii, 738 pages):   |b text file, PDF. 
336 |a text  |2 rdacontent 
337 |a computer  |2 rdamedia 
338 |a online resource  |2 rdacarrier 
650 0 |a Engineering --   |x Study and teaching --   |x Research  
655 0 |a Electronic books 
700 1 |a Johri, Aditya  
856 4 2 |u http://library.unisel.edu.my/web/guest/mylibrary 
997 |a Engineering & Life Sciences, Faculty  |b Engineering, Department 
999 |a EBO0021976  |b EBOOK  |c EBOOK  |e Electronic resources